000 01071cam a2200313 i 4500
001 41415
003 Mx-PuUPA
005 20250129110404.0
008 140415s1982 mx a gr 000 p spa d
020 _a9789686769517
040 _aMx-PuUPA
_bspa
_cMx-PuUPA
_dMx-PuUPA
_erda
041 0 _aspa
100 1 _aHomero,
_eautor
245 0 0 _aLa iliada /
_cHomero ; versión directa y literal del griego por Luis Segalá y Estalella
264 1 _aMéxico, D. F. :
_bEdiciones Selectas,
_c1982
300 _a443 páginas :
_bilustraciones ;
_c17 cm
336 _2rdacontent
_atexto
_btxt
337 _2rdamedia
_asin medio
_bn
338 _2rdacarrier
_avolumen
_bnc
600 0 4 _aAquiles (Personaje mitológico)
650 7 _2armarc
_913986
655 7 _2armarc
_aPoesía épica griega
_xTraducciones al español
700 1 _aSegalá, Luis,
_etraductor
_916653
942 _2ddc
_cLI
_h883.01
_iH76
999 _c41415
_d41415